Экологические аспекты пословицы как явления науки. Философские заметки; Экология и безопасность в техносфере: современные проблемы и пути решения

গ্রন্থ-পঞ্জীর বিবরন
Parent link:Экология и безопасность в техносфере: современные проблемы и пути решения.— 2013.— [С. 152-153]
প্রধান লেখক: Кучин Р. В.
সংস্থা লেখক: Национальный исследовательский Томский политехнический университет (ТПУ) Юргинский технологический институт (филиал) (ЮТИ) Кафедра гуманитарного образования и иностранных языков (ГОИЯ)
অন্যান্য লেখক: Останин В. В. (научный руководитель), Рыльцев М. С., Полещук Л. Г. Лариса Генадьевна
সংক্ষিপ্ত:Заглавие с экрана
ভাষা:রুশ
প্রকাশিত: 2013
মালা:Экологическая и техногенная безопасность
বিষয়গুলি:
অনলাইন ব্যবহার করুন:http://www.lib.tpu.ru/fulltext/c/2013/C52/049.pdf
বিন্যাস: MixedMaterials বৈদ্যুতিক গ্রন্থের অধ্যায়
KOHA link:https://koha.lib.tpu.ru/cgi-bin/koha/opac-detail.pl?biblionumber=604864

MARC

LEADER 00000naa2a2200000 4500
001 604864
005 20260217143606.0
035 |a (RuTPU)RU\TPU\conf\2144 
035 |a RU\TPU\conf\2140 
090 |a 604864 
100 |a 20140324d2013 k y0rusy50 ca 
101 0 |a rus 
102 |a RU 
135 |a drcn ---uucaa 
181 0 |a i  
182 0 |a b 
200 1 |a Экологические аспекты пословицы как явления науки. Философские заметки  |f Р. В. Кучин, В. В. Останин, М. С. Рыльцев  |g науч. рук. Л. Г. Полещук 
203 |a Текст  |c электронный 
215 |a 1 файл(243 Кб) 
225 1 |a Экологическая и техногенная безопасность 
300 |a Заглавие с экрана 
320 |a [Библиогр.: с. 153 (6 назв.)] 
337 |a Adobe Reader 
463 1 |0 (RuTPU)RU\TPU\conf\1010  |t Экология и безопасность в техносфере: современные проблемы и пути решения  |o сборник трудов Всероссийской научно-практической конференции, г. Томск, 27-28 ноября 2013 г.  |f Национальный исследовательский Томский политехнический университет (ТПУ), Юргинский технологический институт (ЮТИ) ; под ред. В. М. Гришагина и др.  |v [С. 152-153]  |d 2013 
610 1 |a электронный ресурс 
610 1 |a труды учёных ТПУ 
610 1 |a экологические аспекты 
610 1 |a пословицы 
610 1 |a научность 
610 1 |a философские идеи 
700 1 |a Кучин  |b Р. В. 
701 1 |a Останин  |b В. В. 
701 1 |a Рыльцев  |b М. С. 
702 1 |a Полещук  |b Л. Г.  |c философ  |c доцент Юргинского технологического института (филиала) Томского политехнического университета  |f 1959-  |g Лариса Генадьевна  |4 727 
712 0 2 |a Национальный исследовательский Томский политехнический университет (ТПУ)  |b Юргинский технологический институт (филиал) (ЮТИ)  |b Кафедра гуманитарного образования и иностранных языков (ГОИЯ)  |3 (RuTPU)RU\TPU\col\18978 
801 1 |a RU  |b 63413507  |c 20101016 
801 2 |a RU  |b 63413507  |c 20140324  |g RCR 
856 4 |u http://www.lib.tpu.ru/fulltext/c/2013/C52/049.pdf 
942 |c CF